00782nam a22002297a 450000500170000001000150001702000260003203500140005803700090007208200160008110000250009724501260012225000070024826000570025527000890031230000260040150000060042770000300043370000320046370000300049570000270052520241128111329.0 aENG-142696 c785.00a9789361596124 aEN-126228 bDBAD a658.401216 aBamford, Charles E.  aStrategic Management and Business Policy:bGlobalization, Innovation and Sustainability/cBy Charles E. Bamford...[et.al] a16 aUttar PradeshbPearson India Education Pvt Ltdc2025 bUttar Pradesha1st FLoor, Berger Tower, Plot No. C-001A/2, Sector-16B, Noidae201301 avpp.c25cm(pb)bIndex a  aHoffman, Alan N. eAuthor aWheelen, Thomas L. eAuthor aHunger, J. David eAuthor aKansal, Purva eAuthor